Draft Climate Change Bill (Record no. 106627)

MARC details
000 -LEADER
fixed length control field 01311cam a2200229 4500
001 - CONTROL NUMBER
control field L137068
008 - FIXED-LENGTH DATA ELEMENTS--GENERAL INFORMATION
fixed length control field 070313s2007 xxk f 000 0 eng d
020 ## - INTERNATIONAL STANDARD BOOK NUMBER
International Standard Book Number 9780101704021
035 ## - SYSTEM CONTROL NUMBER
System control number (Sirsi) u137068
041 0# - LANGUAGE CODE
Language code of text/sound track or separate title eng
110 2# - MAIN ENTRY--CORPORATE NAME
Corporate name or jurisdiction name as entry element United Kingdom
Subordinate unit Department for Environment, Food and Rural Affairs
245 00 - TITLE STATEMENT
Title Draft Climate Change Bill
Remainder of title consultation document
Medium [electronic resource]
260 ## - PUBLICATION, DISTRIBUTION, ETC.
Place of publication, distribution, etc. London
Name of publisher, distributor, etc. DEFRA
Date of publication, distribution, etc. 2007
505 2# - FORMATTED CONTENTS NOTE
Formatted contents note Science of climate change -- domestic and international action -- Rationale for legislation -- Key elements of the Bill -- Next steps and how to respond to this consultation.
520 ## - SUMMARY, ETC.
Summary, etc. Discusses the context and rationale behind the Climate Change Bill and sets out the main reasons why the UK government considers legislation in this area is required. Outlines the background to and the proposed contents of the Bill, summarising its key elements and how they are expected to fit together.
590 ## - LOCAL NOTE (RLIN)
Local note KA NTK
650 24 - SUBJECT ADDED ENTRY--TOPICAL TERM
Topical term or geographic name entry element CLIMATE CHANGE BILL 2007
651 #4 - SUBJECT ADDED ENTRY--GEOGRAPHIC NAME
Geographic name United Kingdom
Chronological subdivision
690 ## - LOCAL SUBJECT ADDED ENTRY--TOPICAL TERM (OCLC, RLIN)
Topical term or geographic name as entry element ENVIRONMENTAL AND LAND CONSULTANCY-ENVIRONMENTAL MANAGEMENT-ENVIRONMENTAL CONSERVATION
856 48 - ELECTRONIC LOCATION AND ACCESS
Uniform Resource Identifier <a href="https://www.official-documents.gov.uk/document/cm70/7040/7040.pdf">https://www.official-documents.gov.uk/document/cm70/7040/7040.pdf</a>
Public note View the consultation document free of charge at www.official-documents.gov.uk
942 ## - ADDED ENTRY ELEMENTS (KOHA)
Suppress in OPAC 0
Holdings
Withdrawn status Lost status Source of classification or shelving scheme Damaged status Not for loan Home library Current library Shelving location Date acquired Total Checkouts Full call number Barcode Date last seen Copy number Price effective from Koha item type
    Dewey Decimal Classification     Virtual Virtual Online 13/03/2007   ONLINE PUBLICATION 137068-1001 06/08/2019 1 06/08/2019 Book